|
|
|
|
| LEADER |
01284nam a2200265 a 4500 |
| 001 |
2139628 |
| 008 |
091025s1998 ii b 001 0 eng d |
| 010 |
|
|
|a 97913929
|
| 020 |
|
|
|a 9840514059
|
| 020 |
|
|
|a 8170032148
|
| 040 |
|
|
|a DLC
|c DLC
|
| 082 |
0 |
0 |
|a 354.549/2
|2 21
|
| 100 |
1 |
|
|a Khan, Mohammad Mohabbat,
|d 1949-
|
| 245 |
1 |
0 |
|a Administrative reforms in Bangladesh /
|c Mohammad Mohabbat Khan.
|
| 260 |
|
|
|a Dhaka :
|b University Press ;
|a New Delhi :
|b South Asian Publishers,
|c c1998.
|
| 300 |
|
|
|a x, 185 p. ;
|c 23 cm.
|
| 504 |
|
|
|a Includes bibliographical references and index.
|
| 541 |
1 |
|
|e 00006537
|
| 650 |
|
0 |
|a .Public administration
|z Bangladesh
|
| 651 |
|
0 |
|a Bangladesh
|x Politics and government.
|
| 852 |
4 |
|
|a Ayesha Abed Library
|j General Shelf
|
| 999 |
|
|
|c 5197
|d 5197
|
| 952 |
|
|
|0 0
|1 0
|2 ddc
|4 0
|6 354_549200000000000_KHA_1998
|7 0
|9 5045
|a BRACUL
|b BRACUL
|c GEN
|d 2009-11-08
|g 375.00
|l 4
|m 9
|o 354.5492 KHA
|p 3010006537
|r 2026-05-11
|s 2026-03-04
|v 750.00
|w 2009-11-08
|y BK
|
| 952 |
|
|
|0 0
|1 0
|2 ddc
|4 0
|6 354_549000000000000_2_KHA
|7 0
|9 43172
|a SCL
|b SCL
|c GEN
|d 1998-11-12
|g 375.00
|l 1
|o 354.5492 KHA
|p 3020000523
|r 2018-02-19
|s 2017-11-29
|t 2
|w 2014-07-15
|y BK
|
| 952 |
|
|
|0 0
|1 0
|2 ddc
|4 0
|6 354_549000000000000_2_KHA
|7 0
|9 43313
|a SCL
|b SCL
|c GEN
|d 1998-11-23
|g 375.00
|l 0
|o 354.5492 KHA
|p 3020000983
|r 2014-07-20
|t 3
|w 2014-07-20
|y BK
|